| 000 | 00000nam##2200000za#4500 |
| 001 | 9.602961 |
| 003 | CaOODSP |
| 005 | 20240212134142 |
| 007 | cr ||||||||||| |
| 008 | 150406|2001||||xxc|||||o f|0| 0 fre|d |
| 040 | |aCaOODSP|bfre |
| 043 | |an-cn--- |
| 086 | 1 |aNE22-1/2001-2F-PDF |
| 110 | 1 |aCanada. |bOffice national de l'énergie. |
| 245 | 10|aMotifs de décision relativement à Murphy Oil Company Ltd. : |h[ressource électronique]|bdoublement de pipeline de gaz marchand Chinchaga |
| 246 | 1 |iTitre de renvoi : |aMurphy Oil Company Ltd. |
| 260 | |aCalgary - Alberta : |bOffice national de l'énergie |cMars 2001. |
| 300 | |a76p.|bcartes, tableau |
| 490 | 1 |aMotifs de décision|vGH-1-2001 |
| 500 | |aLe nº de catalogue (NE22-1/2001-2F) et l'ISBN (0-662-85681-3) de l'édition imprimée ont été incorrectement copiés dans cette édition électronique. |
| 590 | |a12-10-Supp|b2012-03-23 |
| 775 | 08|tReasons for decision in the matter of Murphy Oil Company Ltd. : |w(CaOODSP)9.572616 |
| 776 | 0#|tMurphy Oil Company Ltd., doublement de pipeline de gaz marchand Chinchaga, GH-1-2001 |w(CaOODSP)9.625600 |
| 830 | #0|aMotifs de décision (Canada. Office national de l'énergie)|vGH-1-2001|w(CaOODSP)9.500899 |
| 856 | 40|ahttp://publications.gc.ca|qPDF|s816 Ko|uhttps://publications.gc.ca/collections/Collection/NE22-1-2001-2F.pdf|yGH-1-2001 |